000 00653nam a2200253Ia 4500
003 OSt
005 20220918182237.0
006 a|||||r|||| 00| 0
007 ta
008 220917b |||||||| |||| 00| 0 eng d
024 _a31,404
037 _cTextual
040 _aARTS
_cARTS
_beng
041 _2eng
_aeng
082 _aO111,1:g, L0
100 _aGosse Edmund
_917613
245 0 _aJacobean poets
260 _aNew York
_bCharles Scribners
_c1894
300 _avi,226p.
_ccm.
490 _aUniversity series
650 _aENGLISH LITERATURE
942 _hO111,1:g, L0
_cTEXL
_2CC
999 _c168264
_d168264